[Event "European Senior Team Championship 2021"]
[Site "Don Giovanni hotel, Vinohradska 2733, Prague, Czech Republic"]
[Date "2021.08.31"]
[Round "2"]
[Board "1"]
[White "Knaak, Rainer"]
[Black "Renman, Nils-Gustaf"]
[Result "1-0"]
[WhiteElo "2476"]
[BlackElo "2311"]
[PlyCount "0"]
[EventDate "2021.08.30"]
[EventType "team"]
[EventRounds "9"]
[EventCountry "ECX"]
[WhiteTeam "LASKER SCHACHSTIFTUNG GK"]
[BlackTeam "SWEDEN 1"]

1. d4 {[%clk 1:30:55]} d5 {[%clk 1:30:51]} 2. c4 {[%clk 1:31:18]} c6
{[%clk 1:31:16]} 3. Nf3 {[%clk 1:31:32]} Nf6 {[%clk 1:30:35]} 4. Nc3
{[%clk 1:31:51]} e6 {[%clk 1:30:48]} 5. Bg5 {[%clk 1:32:00]} dxc4
{[%clk 1:30:16]} 6. e4 {[%clk 1:32:12]} b5 {[%clk 1:30:41]} 7. a4
{[%clk 1:32:21]} Bb4 {[%clk 1:26:16]} 8. e5 {[%clk 1:32:14]} h6 {[%clk 1:26:39]}
9. exf6 {[%clk 1:32:28]} hxg5 {[%clk 1:27:03]} 10. fxg7 {[%clk 1:32:50]} Rg8
{[%clk 1:27:27]} 11. g3 {[%clk 1:32:54]} Nd7 {[%clk 1:23:55]} 12. Bg2
{[%clk 1:25:08]} Bb7 {[%clk 1:22:01]} 13. O-O {[%clk 1:07:06]} a6
{[%clk 1:14:01]} 14. axb5 {[%clk 1:01:35]} axb5 {[%clk 1:07:04]} 15. Rxa8
{[%clk 1:01:49]} Bxa8 {[%clk 1:07:12]} 16. Qa1 {[%clk 1:01:00]} Rxg7
{[%clk 1:05:47]} 17. Qa7 {[%clk 0:52:14]} Qc8 {[%clk 0:56:25]} 18. Ra1
{[%clk 0:42:52]} Bb7 {[%clk 0:53:28]} 19. Ne1 {[%clk 0:29:14]} Bxc3
{[%clk 0:48:30]} 20. bxc3 {[%clk 0:29:39]} f6 {[%clk 0:24:13]} 21. Nc2
{[%clk 0:28:42]} Re7 {[%clk 0:22:06]} 22. Ne3 {[%clk 0:21:57]} Qc7
{[%clk 0:20:11]} 23. Qa2 {[%clk 0:19:29]} c5 {[%clk 0:18:03]} 24. Bxb7
{[%clk 0:07:30]} Qxb7 {[%clk 0:16:53]} 25. Rb1 {[%clk 0:06:59]} Qc6
{[%clk 0:11:14]} 26. Qa5 {[%clk 0:06:48]} cxd4 {[%clk 0:11:24]} 27. cxd4
{[%clk 0:07:12]} c3 {[%clk 0:06:10]} 28. Rc1 {[%clk 0:07:22]} Nb6
{[%clk 0:04:54]} 29. Rxc3 {[%clk 0:06:51]} Nc4 {[%clk 0:05:23]} 30. Qa2
{[%clk 0:07:06]} Rc7 {[%clk 0:05:40]} 31. Qc2 {[%clk 0:07:26]} f5
{[%clk 0:02:38]} 32. d5 {[%clk 0:03:34]} exd5 {[%clk 0:03:03]} 33. Nxf5
{[%clk 0:03:33]} Qf6 {[%clk 0:01:26]} 34. g4 {[%clk 0:02:48]} d4 {[%clk 0:30:21]}
 1-0

[Event "European Senior Team Championship 2021"]
[Site "Don Giovanni hotel, Vinohradska 2733, Prague, Czech Republic"]
[Date "2021.08.31"]
[Round "2"]
[Board "2"]
[White "Uddenfeldt, Dan"]
[Black "Kalinitschew, Sergey"]
[Result "1-0"]
[WhiteElo "2309"]
[BlackElo "2434"]
[PlyCount "0"]
[EventDate "2021.08.30"]
[EventType "team"]
[EventRounds "9"]
[EventCountry "ECX"]
[WhiteTeam "SWEDEN 1"]
[BlackTeam "LASKER SCHACHSTIFTUNG GK"]

1. d4 {[%clk 1:30:52]} Nf6 {[%clk 1:25:09]} 2. Nf3 {[%clk 1:30:49]} e6
{[%clk 1:24:25]} 3. c4 {[%clk 1:30:07]} b6 {[%clk 1:24:40]} 4. Nc3
{[%clk 1:28:50]} Bb4 {[%clk 1:24:23]} 5. Bd2 {[%clk 1:28:16]} Bb7
{[%clk 1:24:36]} 6. e3 {[%clk 1:27:20]} O-O {[%clk 1:24:20]} 7. Bd3
{[%clk 1:21:25]} d5 {[%clk 1:23:50]} 8. O-O {[%clk 1:20:08]} Nbd7
{[%clk 1:21:25]} 9. Rc1 {[%clk 1:17:35]} Be7 {[%clk 1:15:20]} 10. cxd5
{[%clk 1:16:45]} exd5 {[%clk 1:15:38]} 11. Qa4 {[%clk 1:09:13]} a6
{[%clk 1:11:37]} 12. Rfd1 {[%clk 1:05:47]} Bd6 {[%clk 1:09:11]} 13. Bf5
{[%clk 1:01:30]} g6 {[%clk 1:05:27]} 14. Bh3 {[%clk 1:01:07]} Qe7
{[%clk 1:04:44]} 15. a3 {[%clk 0:50:56]} Rfd8 {[%clk 0:59:18]} 16. Qb3
{[%clk 0:47:57]} Rab8 {[%clk 0:56:52]} 17. Na4 {[%clk 0:40:12]} c5
{[%clk 0:40:41]} 18. Bxd7 {[%clk 0:32:59]} Nxd7 {[%clk 0:38:54]} 19. dxc5
{[%clk 0:32:23]} bxc5 {[%clk 0:39:12]} 20. Ba5 {[%clk 0:31:07]} Re8
{[%clk 0:39:07]} 21. Qc3 {[%clk 0:26:21]} Rec8 {[%clk 0:32:25]} 22. Qd3
{[%clk 0:18:28]} Bc6 {[%clk 0:26:35]} 23. Nc3 {[%clk 0:17:38]} Nf6
{[%clk 0:26:59]} 24. b4 {[%clk 0:17:10]} c4 {[%clk 0:24:00]} 25. Qd4
{[%clk 0:16:32]} Re8 {[%clk 0:22:13]} 26. Bb6 {[%clk 0:13:58]} Nd7
{[%clk 0:20:49]} 27. Ba7 {[%clk 0:13:22]} Rbd8 {[%clk 0:17:05]} 28. Nxd5
{[%clk 0:12:45]} Bxd5 {[%clk 0:14:41]} 29. Qxd5 {[%clk 0:13:11]} Ne5
{[%clk 0:09:53]} 30. Nxe5 {[%clk 0:09:28]} Bxe5 {[%clk 0:10:21]} 31. Qc5
{[%clk 0:08:34]} Qxc5 {[%clk 0:10:26]} 32. Bxc5 {[%clk 0:08:51]} Bb2
{[%clk 0:10:54]} 33. Bd4 {[%clk 0:08:34]} Bxc1 {[%clk 0:11:19]} 34. Rxc1
{[%clk 0:08:58]} Rc8 {[%clk 0:11:42]} 35. Kf1 {[%clk 0:07:01]} f5
{[%clk 0:11:20]} 36. g3 {[%clk 0:04:53]} g5 {[%clk 0:10:55]} 37. Bc5
{[%clk 0:04:23]} Re4 {[%clk 0:11:15]} 38. f3 {[%clk 0:03:38]} Re5
{[%clk 0:10:52]} 39. Ke2 {[%clk 0:03:14]} f4 {[%clk 0:08:18]} 40. e4
{[%clk 0:01:37]} Re6 {[%clk 0:08:26]} 41. gxf4 {[%clk 0:01:10]} gxf4
{[%clk 0:08:53]} 42. Rxc4 {[%clk 0:01:00]} Rh6 {[%clk 0:09:08]} 43. e5
{[%clk 0:00:45]} Rxh2+ {[%clk 0:09:28]} 44. Kd3 {[%clk 0:01:05]} Rh4
{[%clk 0:09:27]} 45. e6 {[%clk 0:01:08]} Re8 {[%clk 0:09:46]} 46. Re4
{[%clk 0:01:24]} Rh3 {[%clk 0:09:48]} 47. e7 {[%clk 0:01:12]} Rxf3+
{[%clk 0:07:36]} 48. Ke2 {[%clk 0:01:07]} Rc3 {[%clk 0:08:01]} 49. Rxf4
{[%clk 0:29:57]} Rxc5 {[%clk 0:38:26]} 50. bxc5 {[%clk 0:30:13]} Rxe7+
{[%clk 0:38:54]} 51. Kd3 {[%clk 0:30:30]} h5 {[%clk 0:39:18]} 52. Kd4
{[%clk 0:30:11]} Rh7 {[%clk 0:39:45]} 53. Rh4 {[%clk 0:28:36]} Kf7
{[%clk 0:39:27]} 54. Kd5 {[%clk 0:28:30]} Rh6 {[%clk 0:36:06]} 55. c6
{[%clk 0:26:48]} Ke7 {[%clk 0:35:09]} 56. Kc5 {[%clk 0:26:38]} Ke6
{[%clk 0:35:07]} 57. Re4+ {[%clk 0:26:04]} Kf5 {[%clk 0:35:33]} 58. Re1
{[%clk 0:26:24]} h4 {[%clk 0:34:36]} 59. c7 {[%clk 0:26:36]} Rh8 {[%clk 0:35:04]}
60. Kc6 {[%clk 0:26:48]}  1-0

[Event "European Senior Team Championship 2021"]
[Site "Don Giovanni hotel, Vinohradska 2733, Prague, Czech Republic"]
[Date "2021.08.31"]
[Round "2"]
[Board "3"]
[White "Meister, Jakob"]
[Black "Malmdin, Nils-Ake"]
[Result "1/2-1/2"]
[WhiteElo "2416"]
[BlackElo "2150"]
[PlyCount "0"]
[EventDate "2021.08.30"]
[EventType "team"]
[EventRounds "9"]
[EventCountry "ECX"]
[WhiteTeam "LASKER SCHACHSTIFTUNG GK"]
[BlackTeam "SWEDEN 1"]

1. e4 {[%clk 1:30:58]} g6 {[%clk 1:30:07]} 2. d4 {[%clk 1:31:15]} Bg7
{[%clk 1:30:25]} 3. Nc3 {[%clk 1:31:16]} c5 {[%clk 1:29:04]} 4. Nf3
{[%clk 1:30:54]} cxd4 {[%clk 1:29:15]} 5. Nxd4 {[%clk 1:31:17]} Nc6
{[%clk 1:29:20]} 6. Be3 {[%clk 1:31:33]} Nf6 {[%clk 1:29:23]} 7. Bc4
{[%clk 1:31:28]} O-O {[%clk 1:28:00]} 8. Bb3 {[%clk 1:30:15]} Re8
{[%clk 1:15:57]} 9. f3 {[%clk 1:28:53]} e6 {[%clk 1:13:08]} 10. Qd2
{[%clk 1:15:25]} d5 {[%clk 1:07:04]} 11. exd5 {[%clk 1:15:19]} Nxd5
{[%clk 1:02:41]} 12. Nxd5 {[%clk 0:57:01]} exd5 {[%clk 1:02:50]} 13. O-O-O
{[%clk 0:54:24]} Na5 {[%clk 0:42:54]} 14. Rhe1 {[%clk 0:43:33]} Be6
{[%clk 0:27:52]} 15. Kb1 {[%clk 0:34:01]} Nxb3 {[%clk 0:28:10]} 16. Nxb3
{[%clk 0:30:12]} b6 {[%clk 0:24:36]} 17. Bd4 {[%clk 0:29:21]} f6 {[%clk 0:23:50]}
18. Bc3 {[%clk 0:21:32]} a5 {[%clk 0:20:09]} 19. Nd4 {[%clk 0:21:59]} Bd7
{[%clk 0:19:58]} 20. Ne2 {[%clk 0:21:12]} Be6 {[%clk 0:14:48]} 21. Nf4
{[%clk 0:20:18]} Bf7 {[%clk 0:14:29]} 22. Rxe8+ {[%clk 0:20:02]} Qxe8
{[%clk 0:14:41]} 23. Nxd5 {[%clk 0:15:31]} Qe6 {[%clk 0:12:17]} 24. Qe3
{[%clk 0:12:56]} Qxe3 {[%clk 0:09:42]} 25. Nxe3 {[%clk 0:12:53]} b5
{[%clk 0:08:46]} 26. Nd5 {[%clk 0:08:45]} Bxd5 {[%clk 0:07:16]} 27. Rxd5
{[%clk 0:09:10]} b4 {[%clk 0:07:36]} 28. Bd2 {[%clk 0:08:47]} f5 {[%clk 0:06:55]}
29. Kc1 {[%clk 0:08:19]} Bf8 {[%clk 0:06:13]} 30. c3 {[%clk 0:07:34]} h6
{[%clk 0:06:01]} 31. Kc2 {[%clk 0:07:12]} Kf7 {[%clk 0:04:48]} 32. Rb5
{[%clk 0:04:24]} Ra6 {[%clk 0:03:46]} 33. Rb7+ {[%clk 0:03:12]} Kf6
{[%clk 0:03:38]} 34. Be3 {[%clk 0:03:31]} bxc3 {[%clk 0:02:23]} 35. bxc3
{[%clk 0:04:01]} a4 {[%clk 0:02:14]} 36. Kd3 {[%clk 0:02:53]} Ke6
{[%clk 0:01:50]} 37. Rb6+ {[%clk 0:02:08]} Rxb6 38. Bxb6 {[%clk 0:02:35]} Kd5
{[%clk 0:02:19]} 39. g4 {[%clk 0:02:22]} h5 {[%clk 0:02:04]} 40. gxf5
{[%clk 0:02:43]} gxf5 {[%clk 0:02:23]} 41. h3 {[%clk 0:02:34]} Bg7
{[%clk 0:01:38]} 42. Bd4 {[%clk 0:02:46]} Bf8 {[%clk 0:01:35]} 43. c4+
{[%clk 0:01:34]} Kc6 {[%clk 0:28:52]} 44. Be3 {[%clk 0:29:57]} Bg7
{[%clk 0:28:58]} 45. Bg5 {[%clk 0:30:06]} Bb2 {[%clk 0:27:52]} 46. Be7
{[%clk 0:30:22]} Bg7 {[%clk 0:27:44]} 47. Ke3 {[%clk 0:30:01]} Bh6+
{[%clk 0:27:57]} 48. Kd3 {[%clk 0:27:03]} Bg7 {[%clk 0:28:06]} 49. Bg5
{[%clk 0:25:02]} Bb2 {[%clk 0:28:06]} 50. Be3 {[%clk 0:24:54]} Bg7
{[%clk 0:28:08]} 51. Bd4 {[%clk 0:24:02]} Bh6 {[%clk 0:28:12]} 52. Ke2
{[%clk 0:23:11]} Bf4 {[%clk 0:27:31]} 53. Bg7 {[%clk 0:22:59]} Bg5
{[%clk 0:26:05]} 54. Kd3 {[%clk 0:23:10]} Bc1 {[%clk 0:25:29]} 55. Bf8
{[%clk 0:22:42]} Bb2 {[%clk 0:25:23]} 56. Bb4 {[%clk 0:19:04]} Bf6
{[%clk 0:23:58]} 57. Bd2 {[%clk 0:18:16]} Bg7 {[%clk 0:23:54]} 58. Bg5
{[%clk 0:18:23]} Bb2  1/2-1/2

[Event "European Senior Team Championship 2021"]
[Site "Don Giovanni hotel, Vinohradska 2733, Prague, Czech Republic"]
[Date "2021.08.31"]
[Round "2"]
[Board "4"]
[White "Hammar, Bengt"]
[Black "Koehler, Gerhard"]
[Result "0-1"]
[WhiteElo "2130"]
[BlackElo "2183"]
[PlyCount "0"]
[EventDate "2021.08.30"]
[EventType "team"]
[EventRounds "9"]
[EventCountry "ECX"]
[WhiteTeam "SWEDEN 1"]
[BlackTeam "LASKER SCHACHSTIFTUNG GK"]

1. e4 {[%clk 1:30:41]} c5 {[%clk 1:30:53]} 2. Nf3 {[%clk 1:30:32]} e6
{[%clk 1:31:12]} 3. d4 {[%clk 1:29:57]} cxd4 {[%clk 1:31:33]} 4. Nxd4
{[%clk 1:30:20]} a6 {[%clk 1:31:51]} 5. Nc3 {[%clk 1:30:07]} Qc7 {[%clk 1:32:06]}
6. g3 {[%clk 1:24:12]} Nc6 {[%clk 1:30:30]} 7. Bg2 {[%clk 1:23:55]} Nf6
{[%clk 1:30:09]} 8. O-O {[%clk 1:23:26]} Be7 {[%clk 1:28:59]} 9. Re1
{[%clk 1:19:10]} d6 {[%clk 1:27:58]} 10. Nxc6 {[%clk 1:15:59]} bxc6
{[%clk 1:27:09]} 11. e5 {[%clk 1:16:07]} dxe5 {[%clk 1:20:21]} 12. Rxe5
{[%clk 1:16:21]} Nd5 {[%clk 1:20:18]} 13. Nxd5 {[%clk 1:14:24]} cxd5
{[%clk 1:20:19]} 14. Re2 {[%clk 1:09:03]} Bb7 {[%clk 1:13:14]} 15. Bf4
{[%clk 1:07:10]} Qd7 {[%clk 0:56:22]} 16. c4 {[%clk 1:06:16]} Rd8
{[%clk 0:56:03]} 17. cxd5 {[%clk 1:04:21]} Bxd5 {[%clk 0:56:20]} 18. Bxd5
{[%clk 1:02:36]} Qxd5 {[%clk 0:55:36]} 19. Rd2 {[%clk 0:47:55]} Qb7
{[%clk 0:49:06]} 20. Rxd8+ {[%clk 0:47:43]} Bxd8 {[%clk 0:49:34]} 21. Bd6
{[%clk 0:47:14]} Be7 {[%clk 0:42:05]} 22. Bxe7 {[%clk 0:44:15]} Kxe7
{[%clk 0:42:00]} 23. Qd4 {[%clk 0:42:55]} f6 {[%clk 0:39:52]} 24. Rd1
{[%clk 0:38:29]} Re8 {[%clk 0:39:03]} 25. Qc5+ {[%clk 0:37:23]} Kf7
{[%clk 0:33:15]} 26. Qh5+ {[%clk 0:35:05]} Kf8 {[%clk 0:33:18]} 27. Qxh7
{[%clk 0:35:21]} Rb8 {[%clk 0:27:52]} 28. b3 {[%clk 0:34:46]} a5 {[%clk 0:18:22]}
29. h4 {[%clk 0:30:10]} Qf7 {[%clk 0:09:31]} 30. Rd4 {[%clk 0:27:39]} f5
{[%clk 0:07:07]} 31. h5 {[%clk 0:24:22]} Qg8 {[%clk 0:05:59]} 32. Qg6
{[%clk 0:23:10]} Qf7 {[%clk 0:05:53]} 33. Qg5 {[%clk 0:23:12]} Re8
{[%clk 0:05:31]} 34. h6 {[%clk 0:20:06]} gxh6 {[%clk 0:05:22]} 35. Qxh6+
{[%clk 0:20:27]} Qg7 {[%clk 0:05:41]} 36. Qd2 {[%clk 0:20:40]} Re7
{[%clk 0:02:53]} 37. Rd8+ {[%clk 0:11:33]} Kf7 {[%clk 0:03:16]} 38. Qxa5
{[%clk 0:10:41]} Kg6 {[%clk 0:01:07]} 39. Qa8 {[%clk 0:09:33]} Qa1+
{[%clk 0:00:51]} 40. Kg2 {[%clk 0:09:46]} Rh7 {[%clk 0:01:14]} 41. Rg8+
{[%clk 0:09:10]} Kf6 {[%clk 0:01:02]} 42. Qf8+ {[%clk 0:17:39]} Ke5
{[%clk 0:31:04]} 43. Qb8+ {[%clk 0:17:28]} Kf6 {[%clk 0:27:43]} 44. Rf8+
{[%clk 0:15:33]} Kg7 {[%clk 0:25:59]} 45. Qc7+ {[%clk 0:15:44]} Kxf8
{[%clk 0:25:26]} 46. Qxh7 {[%clk 0:16:07]} Qxa2 {[%clk 0:25:48]} 47. Qb7
{[%clk 0:16:17]} f4 {[%clk 0:23:56]} 48. gxf4 {[%clk 0:14:53]} Qc2
{[%clk 0:22:25]} 49. Qb4+ {[%clk 0:11:59]} Kf7 {[%clk 0:22:30]} 50. Qc4
{[%clk 0:12:19]} Qg6+ {[%clk 0:22:41]} 51. Kf3 {[%clk 0:12:23]} Qh5+
{[%clk 0:22:49]} 52. Ke3 {[%clk 0:12:44]} Qh3+ {[%clk 0:22:49]} 53. Kd2
{[%clk 0:12:33]} Qf3 {[%clk 0:22:15]} 54. Ke1 {[%clk 0:07:17]} Qh1+
{[%clk 0:22:08]} 55. Ke2 {[%clk 0:07:39]} Qh5+ {[%clk 0:22:16]} 56. f3
{[%clk 0:07:50]} Qh2+ {[%clk 0:22:15]} 57. Kd3 {[%clk 0:05:39]} Qh1
{[%clk 0:20:42]} 58. Qe4 {[%clk 0:05:10]} Qf1+ {[%clk 0:16:37]} 59. Kc3
{[%clk 0:05:15]} Qa1+ {[%clk 0:16:25]} 60. Kb4 {[%clk 0:05:33]} Qa6
{[%clk 0:16:24]}  0-1

[Event "European Senior Team Championship 2021"]
[Site "Don Giovanni hotel, Vinohradska 2733, Prague, Czech Republic"]
[Date "2021.08.31"]
[Round "2"]
[Board "1"]
[White "Farago, Ivan"]
[Black "Jansa, Vlastimil"]
[Result "1/2-1/2"]
[WhiteElo "2323"]
[BlackElo "2420"]
[PlyCount "0"]
[EventDate "2021.08.30"]
[EventType "team"]
[EventRounds "9"]
[EventCountry "ECX"]
[WhiteTeam "HUNGARY"]
[BlackTeam "LYSA NAD LABEM - 100 LET"]

1. d4 Nf6 {[%clk 1:30:45]} 2. c4 {[%clk 1:30:54]} g6 {[%clk 1:31:07]} 3. Nc3
{[%clk 1:31:12]} d5 {[%clk 1:31:28]} 4. Nf3 {[%clk 1:31:30]} Bg7 {[%clk 1:31:54]}
5. Qb3 {[%clk 1:31:46]} dxc4 {[%clk 1:31:46]} 6. Qxc4 {[%clk 1:32:08]} O-O
{[%clk 1:31:50]} 7. e4 {[%clk 1:32:32]} Bg4 {[%clk 1:29:28]} 8. Be3
{[%clk 1:32:38]} Nfd7 {[%clk 1:29:41]} 9. Qb3 {[%clk 1:31:18]} Nb6
{[%clk 1:29:32]} 10. Rd1 {[%clk 1:31:30]} Nc6 {[%clk 1:27:23]} 11. d5
{[%clk 1:31:41]} Ne5 {[%clk 1:27:46]} 12. Be2 {[%clk 1:32:03]} Nxf3+ 13. gxf3
{[%clk 1:32:16]} Bh5 {[%clk 1:28:11]} 14. O-O {[%clk 1:32:31]} Qc8
{[%clk 1:19:47]} 15. Kg2 {[%clk 1:32:41]} Kh8 {[%clk 1:15:38]} 16. f4
{[%clk 1:21:54]} Bxe2 {[%clk 1:15:04]} 17. Nxe2 {[%clk 1:22:14]} c6
{[%clk 1:14:06]} 18. f3 {[%clk 1:19:37]} cxd5 {[%clk 1:12:21]} 19. Bxb6
{[%clk 1:19:38]} axb6 {[%clk 1:12:02]} 20. Rxd5 {[%clk 1:19:56]} Qc6
{[%clk 1:07:48]} 21. Rb5 {[%clk 1:13:05]} Rxa2 {[%clk 0:49:15]} 22. Rc1
{[%clk 1:09:00]} Qd7 {[%clk 0:46:11]} 23. Rd1 {[%clk 1:09:01]} Qc6
{[%clk 0:45:41]} 24. Rc1 {[%clk 1:01:27]} Qd7 {[%clk 0:45:26]} 25. Rd1
{[%clk 1:01:24]}  1/2-1/2

[Event "European Senior Team Championship 2021"]
[Site "Don Giovanni hotel, Vinohradska 2733, Prague, Czech Republic"]
[Date "2021.08.31"]
[Round "2"]
[Board "2"]
[White "Meduna, Eduard"]
[Black "Hardicsay, Peter"]
[Result "1/2-1/2"]
[WhiteElo "2352"]
[BlackElo "2185"]
[PlyCount "0"]
[EventDate "2021.08.30"]
[EventType "team"]
[EventRounds "9"]
[EventCountry "ECX"]
[WhiteTeam "LYSA NAD LABEM - 100 LET"]
[BlackTeam "HUNGARY"]

1. d4 {[%clk 1:23:21]} Nf6 {[%clk 1:30:45]} 2. c4 {[%clk 1:23:30]} g6
{[%clk 1:30:54]} 3. Nc3 {[%clk 1:23:47]} Bg7 {[%clk 1:31:18]} 4. e4
{[%clk 1:23:57]} d6 {[%clk 1:29:43]} 5. Be2 {[%clk 1:24:12]} O-O {[%clk 1:27:41]}
6. Bg5 {[%clk 1:24:22]} c5 {[%clk 1:20:25]} 7. d5 {[%clk 1:23:00]} e6
{[%clk 1:16:21]} 8. Nf3 {[%clk 1:22:55]} exd5 {[%clk 1:15:08]} 9. exd5
{[%clk 1:19:58]} h6 {[%clk 1:08:03]} 10. Bf4 {[%clk 1:19:52]} g5 {[%clk 1:04:33]}
11. Be3 {[%clk 1:17:46]} Re8 {[%clk 1:00:34]} 12. Nd2 {[%clk 1:15:31]} Bf5
{[%clk 0:54:01]} 13. O-O {[%clk 1:14:30]} Nbd7 {[%clk 0:45:08]} 14. Re1
{[%clk 1:14:46]} Qb6 {[%clk 0:41:42]} 15. Qc1 {[%clk 1:10:24]} Ng4
{[%clk 0:35:20]} 16. Bxg4 {[%clk 1:10:06]} Bxg4 {[%clk 0:35:46]} 17. Nf1
{[%clk 1:08:26]} Bh5 {[%clk 0:29:56]} 18. Qd2 {[%clk 1:01:18]} Ne5
{[%clk 0:28:21]}  1/2-1/2

[Event "European Senior Team Championship 2021"]
[Site "Don Giovanni hotel, Vinohradska 2733, Prague, Czech Republic"]
[Date "2021.08.31"]
[Round "2"]
[Board "3"]
[White "Volosin, Vladimir"]
[Black "Hausner, Ivan"]
[Result "1/2-1/2"]
[WhiteElo "2235"]
[BlackElo "2336"]
[PlyCount "0"]
[EventDate "2021.08.30"]
[EventType "team"]
[EventRounds "9"]
[EventCountry "ECX"]
[WhiteTeam "HUNGARY"]
[BlackTeam "LYSA NAD LABEM - 100 LET"]

1. c4 {[%clk 1:30:54]} Nf6 {[%clk 1:30:47]} 2. Nc3 {[%clk 1:30:49]} d5
{[%clk 1:30:50]} 3. cxd5 {[%clk 1:27:57]} Nxd5 {[%clk 1:31:13]} 4. g3
{[%clk 1:27:37]} g6 {[%clk 1:30:44]} 5. Qb3 {[%clk 1:23:59]} Nb6 {[%clk 1:30:17]}
6. Bg2 {[%clk 1:23:06]} Bg7 {[%clk 1:30:29]} 7. d3 {[%clk 1:22:32]} Nc6
{[%clk 1:28:33]} 8. Be3 {[%clk 1:20:17]} Nd4 {[%clk 1:21:17]} 9. Bxd4
{[%clk 1:19:23]} Qxd4 {[%clk 1:21:08]} 10. Rc1 {[%clk 1:14:25]} c6
{[%clk 1:19:54]} 11. Nf3 {[%clk 1:07:57]} Qd8 {[%clk 1:20:05]} 12. a4
{[%clk 0:55:47]} a5 {[%clk 1:19:43]} 13. h4 {[%clk 0:49:18]} Be6 {[%clk 1:17:42]}
14. Qc2 {[%clk 0:41:49]} h6 {[%clk 1:15:36]} 15. O-O {[%clk 0:40:30]} Nd7
{[%clk 1:15:05]} 16. Nd2 {[%clk 0:34:16]} Qb6 {[%clk 1:15:07]} 17. Rb1
{[%clk 0:27:58]} Nf6 {[%clk 1:09:55]} 18. b3 {[%clk 0:23:31]} O-O
{[%clk 1:08:17]} 19. Nc4 {[%clk 0:22:33]} Qc7 {[%clk 1:08:37]} 20. b4
{[%clk 0:21:04]}  1/2-1/2

[Event "European Senior Team Championship 2021"]
[Site "Don Giovanni hotel, Vinohradska 2733, Prague, Czech Republic"]
[Date "2021.08.31"]
[Round "2"]
[Board "4"]
[White "Neckar, Lubomir"]
[Black "Restas, Peter"]
[Result "1/2-1/2"]
[WhiteElo "2274"]
[BlackElo "2115"]
[PlyCount "0"]
[EventDate "2021.08.30"]
[EventType "team"]
[EventRounds "9"]
[EventCountry "ECX"]
[WhiteTeam "LYSA NAD LABEM - 100 LET"]
[BlackTeam "HUNGARY"]

1. Nf3 {[%clk 1:30:54]} c5 {[%clk 1:30:50]} 2. g3 {[%clk 1:31:20]} g6
{[%clk 1:30:37]} 3. c4 {[%clk 1:31:13]} Bg7 {[%clk 1:31:02]} 4. Bg2
{[%clk 1:31:30]} Nc6 {[%clk 1:31:19]} 5. Nc3 {[%clk 1:31:55]} e5 {[%clk 1:31:17]}
6. O-O {[%clk 1:32:12]} Nge7 {[%clk 1:31:43]} 7. a3 {[%clk 1:32:32]} d6
{[%clk 1:31:25]} 8. Rb1 {[%clk 1:32:43]} Rb8 {[%clk 1:23:07]} 9. b4
{[%clk 1:27:25]} Be6 {[%clk 1:13:39]} 10. d3 {[%clk 1:26:20]} h6 {[%clk 1:03:21]}
11. bxc5 {[%clk 1:03:54]} dxc5 {[%clk 1:03:39]} 12. Ne1 {[%clk 1:04:20]} O-O
{[%clk 0:50:58]} 13. Nc2 {[%clk 1:04:09]} b6 {[%clk 0:46:09]} 14. Ne3
{[%clk 1:03:19]} Qd7 {[%clk 0:36:50]} 15. Ned5 {[%clk 1:01:56]} Kh7
{[%clk 0:35:32]} 16. Qa4 {[%clk 0:51:50]} Rfd8 {[%clk 0:32:49]} 17. Be3
{[%clk 0:28:06]} Nd4 {[%clk 0:29:06]} 18. Qxd7 {[%clk 0:17:42]} Rxd7
{[%clk 0:29:21]} 19. a4 {[%clk 0:16:21]} Nec6 {[%clk 0:23:55]} 20. Bd2
{[%clk 0:13:33]} Na5 {[%clk 0:20:11]} 21. Rfd1 {[%clk 0:11:49]} Rc8
{[%clk 0:18:26]} 22. e3 {[%clk 0:09:17]} Ndc6 {[%clk 0:14:43]} 23. Nb5
{[%clk 0:08:09]} Kg8 {[%clk 0:11:49]} 24. Bc3 {[%clk 0:07:48]} f5
{[%clk 0:09:38]} 25. f4 {[%clk 0:04:21]} exf4 {[%clk 0:09:46]} 26. gxf4
{[%clk 0:04:36]} Bxc3 {[%clk 0:09:59]} 27. Nbxc3 {[%clk 0:04:48]} Kf7
{[%clk 0:10:07]} 28. Kf2 {[%clk 0:04:59]} Rcd8 {[%clk 0:10:04]} 29. Bf3
{[%clk 0:05:12]} Ne7 {[%clk 0:07:51]} 30. Nxe7 {[%clk 0:02:57]} Kxe7
{[%clk 0:06:37]} 31. Ke2 {[%clk 0:02:51]} Rc8 {[%clk 0:06:23]} 32. Rg1
{[%clk 0:02:45]} Kf7 {[%clk 0:05:00]} 33. h4 {[%clk 0:02:39]} h5 {[%clk 0:04:32]}
34. Rg3 {[%clk 0:01:42]} Rh8 {[%clk 0:02:57]} 35. Rbg1 {[%clk 0:02:03]} Rh6
{[%clk 0:03:21]} 36. Nd5 {[%clk 0:01:39]} Bxd5 {[%clk 0:03:20]} 37. Bxd5+
{[%clk 0:01:54]} Kf6 {[%clk 0:03:16]} 38. Kd2 {[%clk 0:01:48]} Rc7
{[%clk 0:03:15]} 39. Kc3 {[%clk 0:01:32]} Nc6 {[%clk 0:03:41]} 40. d4
{[%clk 0:00:56]} cxd4+ {[%clk 0:03:53]} 41. exd4 {[%clk 0:01:25]} Ne7
{[%clk 0:04:14]} 42. Bf3 {[%clk 0:00:45]} Rh8 {[%clk 0:03:44]} 43. Kb3
{[%clk 0:30:15]} Rd8 {[%clk 0:32:04]} 44. d5 {[%clk 0:21:04]} Rc5
{[%clk 0:32:03]} 45. Re1 {[%clk 0:20:42]} Rd6 {[%clk 0:31:51]} 46. Bg2
{[%clk 0:19:55]} Kf7 {[%clk 0:29:38]} 47. Rge3 {[%clk 0:17:59]} Nc8
{[%clk 0:30:06]} 48. Re6 {[%clk 0:10:17]} Rd7 {[%clk 0:30:04]} 49. R1e3
{[%clk 0:06:48]} Nd6 {[%clk 0:27:11]} 50. Bf1 {[%clk 0:06:57]} Ne4
{[%clk 0:24:03]} 51. Bd3 {[%clk 0:05:52]} Nd2+ {[%clk 0:22:30]} 52. Kb4
{[%clk 0:03:03]} Rdc7 {[%clk 0:13:54]} 53. d6 {[%clk 0:01:31]} a5+
{[%clk 0:12:15]} 54. Ka3 {[%clk 0:01:18]} Rd7 {[%clk 0:11:58]} 55. Re7+
{[%clk 0:01:28]} Rxe7 {[%clk 0:12:24]} 56. Rxe7+ {[%clk 0:01:29]} Kf6
{[%clk 0:12:12]} 57. Rc7 {[%clk 0:01:25]} Ke6 {[%clk 0:12:28]} 58. Rg7
{[%clk 0:01:39]} Nxc4+ {[%clk 0:12:38]} 59. Bxc4+ {[%clk 0:02:01]} Rxc4
{[%clk 0:13:03]} 60. Rxg6+ {[%clk 0:02:26]} Kd7 {[%clk 0:13:24]} 61. Rg5
{[%clk 0:02:29]} Rxf4 {[%clk 0:13:51]} 62. Rxh5 {[%clk 0:02:18]} Kxd6
{[%clk 0:14:14]} 63. Rh6+ {[%clk 0:01:46]} Kc5 {[%clk 0:14:41]} 64. Rf6
{[%clk 0:02:02]} Rf3+ {[%clk 0:15:07]} 65. Kb2 {[%clk 0:02:12]} Kb4
{[%clk 0:14:33]} 66. Rxb6+ {[%clk 0:02:20]} Kxa4 {[%clk 0:15:01]} 67. h5
{[%clk 0:01:46]} Rf2+ {[%clk 0:14:14]} 68. Kb1 {[%clk 0:01:32]} Ka3
{[%clk 0:14:11]} 69. h6 {[%clk 0:01:18]} a4 {[%clk 0:13:17]} 70. Rf6
{[%clk 0:01:01]} Rf1+ {[%clk 0:11:15]} 71. Kc2 {[%clk 0:01:18]} Ka2
{[%clk 0:11:39]} 72. h7 {[%clk 0:01:25]} Rh1 {[%clk 0:12:06]} 73. Rxf5
{[%clk 0:01:33]} Rxh7 {[%clk 0:12:33]} 74. Rc5 {[%clk 0:01:38]} a3
{[%clk 0:12:41]} 75. Rc8 {[%clk 0:01:51]} Rh2+ {[%clk 0:12:29]} 76. Kc1
{[%clk 0:02:12]} Rh3 {[%clk 0:08:33]} 77. Rc7 {[%clk 0:02:12]}  1/2-1/2